LEADER 01026nam a2200229 i 4500 001 000000203335 003 CaOOAMICUS 005 20110624000000.0 008 110624s1990 it u000 u ita u 013 $a182047 040 $aSeMil$bita 100 1 $aAngelini, Giuseppe,$c.$0(OLS)http://semarc/name/1093 245 10$aFede, speranza, caritą :$braccontare Gesł oggi /$cGiuseppe Angelini ; Gianni Colzani ; Gino Rigoldi. 260 $a[S.l. :$bs.n.],$cstampa 1990$e(Milano :$fTipolitografia Saronne,$gstampa 1990) 300 $a48 p. ;$c21 cm. 700 1 $aColzani, Gianni,$d<1940- >.$0(OLS)http://semarc/name/3154 700 1 $aRigoldi, Gino,$c.$0(OLS)http://semarc/name/69315 850 $aSeMil 852 $aSeMil$W1$xVenegono$y1$m5D VIII 23/38$j153831$B153831$CSeMilBibl$Z2$F164659 $81 961 $aOmaggio: Altro 996 $6245$aFede, speranza, caritą :$braccontare Gesł oggi$9(OLS)http://semarc/title/294426 996 $6260$a[S.l. :$bs.n.]$9(OLS)http://semarc/publisher/29751 LEADER 01262nam a2200265 i 4500 001 000000071192 003 CaOOAMICUS 005 20240424091137.0 008 041005s1999 it u000 u ita u 013 $a42364 020 $a88-8341-002-5 040 $aSeMil$bita 245 10$aSan Francesco :$bvita, opere e miracoli nelle piccole immagini devozionali. 260 $aPontedera :$bBandecchi & Vivaldi,$ccopyr. 1999. 300 $a177 p., [102] p. di tav. ;$c22x24 cm. 500 $aIn mezzo al front. : Santini provenienti dalle collezioni... - Catalogo della Mostra tenuta a Piombino presso il Palazzo Appiani, 23 luglio-22 agosto 1999. 650 04$aFrancesco : d'Assisi - Iconografia.$0(OLS)http://semarc/subject/35461 650 4$aImmagini sacre.$0(OLS)http://semarc/subject/6118 850 $aSeMil 852 $aSeMil$W1$xVenegono$y1$m5H XVI 103$j37345$B37345$CSeMilBibl$Z2$F37348 $81 961 $aOmaggio: Donazione 996 $6020$a88-8341-002-5$9(OLS)http://semarc/number/50221 996 $6245$aSan Francesco :$bvita, opere e miracoli nelle piccole immagini devozionali$9(OLS)http://semarc/title/114461 996 $6260$aPontedera :$bBandecchi & Vivaldi$9(OLS)http://semarc/publisher/36297